000 00353nam a2200145 i 4500
001 bg
100 1 _aTUCKER, J. W.
245 0 0 _aGiperzwuk w fizike tverdogo tela /
_cJ.W. Tucker, N.W. Rampton.
260 _aMoskva,
_c1975.
700 1 _aRAMPTON, N. W.
040 _cBPK
041 _apol
942 _cKS
008 s pl f |000 0 pol
999 _c27273
_d27273
856 _uhttp://koha.tu.koszalin.pl/cgi-bin/koha/opac-detail.pl?biblionumber=27273
_yKatalog online BPK